Statistics for All Aminé Songs

Click here to take the quiz!

General Stats

  • This quiz has been taken 57 times
    (41 since last reset)
  • The average score is 20 of 86

Answer Stats

AlbumSong% Correct
Good for YouCaroline
89%
OnePointFiveReel It In
69%
LimboWoodlawn
69%
LimboRiri
64%
LimboCompensating
61%
Good for YouSpice Girl
58%
LimboBurden
53%
LimboKobe
53%
LimboShimmy
53%
OnePointFiveDr. Whoever
47%
LimboPressure in My Palms
47%
LimboRoots
44%
Good for YouYellow
44%
LimboMama
42%
LimboBecky
39%
LimboCan't Decide
39%
LimboEasy
39%
LimboFetus
39%
Good for YouHeebiejeebies
39%
Single #2Redmercedes
39%
OnePointFiveShine
39%
Good for YouWedding Crashers
39%
OnePointFiveBlackjack
36%
OnePointFiveRatchet Saturn Girl
36%
Good for YouSTFU
36%
Good for YouVeggies
36%
LimboMy Reality
33%
OnePointFiveHiccup
31%
Good for YouTurf
31%
OnePointFiveSTFU2
28%
SingleBaba
25%
Good for YouBeach Boy
25%
OnePointFiveCantu
25%
Good for YouHero
25%
EnergyMy High
25%
OnePointFiveTogether
25%
OnePointFiveWhy?
25%
Good for YouDakota
22%
OnePointFiveDapper Dan
22%
OnePointFiveSugarparents
22%
Good for YouSundays
22%
Good for YouBlinds
19%
Single #3Campfire
19%
OnePointFiveChingy
19%
En VogueEn Vogue
19%
Single #6Hello
19%
Single #5Places + Faces
19%
Single #4Squeeze
19%
Good for YouMoney
17%
Space Jam: A New Legacy (Original Motion Picture Soundtrack)Gametime
11%
Odyssey to Me25
6%
Odyssey to Me3:45
6%
Calling BríoBeast
6%
Odyssey to MeBig Talk, Short Walk
6%
Calling BríoBrightwood
6%
Calling BríoBuckwild
6%
Odyssey to MeCan I Cuuuut
6%
Odyssey to MeCan't Get Close
6%
Odyssey to MeContradiction
6%
Odyssey to MeDarksiiiide
6%
Odyssey to MeEmotional Relief
6%
Calling BríoEverlast
6%
Odyssey to MeFeelin' Like
6%
En VogueGame Needs Me
6%
En VogueGet Down
6%
Odyssey to MeHot Sugar
6%
Odyssey to MeI Know It
6%
Odyssey to MeJustAnotherFridayNight
6%
Calling BríoLa Danse
6%
Odyssey to MeLovin' It
6%
En VogueMr. Nobody
6%
Odyssey to MeMy Emotions
6%
Odyssey to MeOliver + Jordana
6%
Odyssey to MeOMW
6%
En VogueOregon Fair
6%
Odyssey to MeOTM
6%
Odyssey to MePartyottieottie
6%
En VoguePlastic Life
6%
Calling BríoRage / Peace
6%
Calling BríoSaid & Done
6%
Good for YouSide
6%
Odyssey to MeSpaceship
6%
Calling BríoSummer Feelz
6%
En VogueTied In
6%
Calling BríoYeYe
6%
Calling BríoZzzz
6%

Score Distribution

Percentile by Number Answered

Percent of People with Each Score

Your Score History

You have not taken this quiz since the last reset